| 000 | 01008nam a22002057a 4500 | ||
|---|---|---|---|
| 005 | 20250827114248.0 | ||
| 008 | 240312b ||||| |||| 00| 0 eng d | ||
| 082 | _aDPer 621.317 Ie21 July 2022 v.37 n. 7 | ||
| 100 |
_aKhatua, Mausamjeet. _eauthor. _954266 |
||
| 245 |
_aPerformance enhancement of ICN-based single-state AC-DC converters using reconfigurable inverters / _cMausamjeet Khatua, Ashish Kumar, Saad Pervaiz, Sombuddha Chakraborty, and Khurram K. Afridi |
||
| 260 |
_aNew York ; _bThe Institute of Electrical and Electronics Engineers, Inc. , _cJuly 2022. |
||
| 300 |
_avolume 37, pages 8217-8231 : _billustration ; _c28 cm. |
||
| 500 | _a IEEE Transactions on Power Electronics, vol. 37, no. 7, pages 8217-8231 , July 2022. | ||
| 700 |
_aKhatua, Mausamjeet. _eauthor. _954266 |
||
| 700 |
_aKumar, Ashish. _eauthor. _954267 |
||
| 700 |
_aPervaiz, Saad. _eauthor. _954268 |
||
| 700 |
_aChakraborty, Sombuddha. _eauthor. _954269 |
||
| 700 |
_aAfridi, Khurram K. _eauthor. _954270 |
||
| 942 |
_2ddc _cPER |
||
| 999 |
_c19582 _d19582 |
||